000 00559nam a2200205Ia 4500
003 OSt
005 20220923230651.0
006 a|||||r|||| 00| 0
007 ta
008 Pun
024 _a304,593
037 _cTextual
040 _aARTS
_cARTS
_bPun
041 _2Pun
_aPun
082 _aX:3M24xM20x, 153L8
245 0 _aਕਾਰਲ ਮਾਰਕਸ ਅਤੇ ਖ਼ਰੈਡਰਿਕ ਏ੍ਵਗਲਗ਼ ਚੇਣਵੀ੍ਵ ਰਚਨਾ
260 _c1978
942 _hX:3M24xM20x, 153L8
_cTEXL
_2CC
999 _c386403
_d386403